00676nab a22001697a 4500003000400000005001700004008004100021040000700062100002800069245008900097260007200186300001200258505000700270505008900277650001800366773012200384OSt20260122064952.0190502c xxu||||| |||| 00| 0 spa d cPJ aBlei, Berlín Hermann 10aFundamento del deber de garante ante la omisión impropia /cBerlín Hermann Blei. aCiudad Autónoma de Buenos Aires :bThomson Reuters La Ley,c2024. ap. 3-16 a  t¿Te interesa el texto completo? Solicitalo al correo: koha@justierradelfuego.gov.ar 0aDERECHO PENAL0 02729dBuenos Aires : LexisNexis, 2006-tRevista de derecho penal y procesal penal. Nº 10 - Octubre 2024z9875920622